Financial profile 2008

The Asian Development Bank promotes the economic growth and social development of its developing member countries by means of a wide range of activities and initiatives. ADB's annual financial profile provides the facts and figures behind ADB's lending activities and describes ADB as a bor...

Volledige beschrijving

Bewaard in:
Bibliografische gegevens
Formaat: Boek
Taal:Undetermined
Gepubliceerd in: Philippines Asian Development Bank (ADB) 2008
Onderwerpen:
Tags: Voeg label toe
Geen labels, Wees de eerste die dit record labelt!
Thư viện lưu trữ: Trung tâm Học liệu Trường Đại học Cần Thơ
LEADER 00988nam a2200205Ia 4500
001 CTU_159285
008 210402s9999 xx 000 0 und d
082 |a 332.1532 
082 |b A832/2008 
245 0 |a Financial profile 2008 
245 0 |c Asian Development Bank (ADB) 
260 |a Philippines 
260 |b Asian Development Bank (ADB) 
260 |c 2008 
520 |a The Asian Development Bank promotes the economic growth and social development of its developing member countries by means of a wide range of activities and initiatives. ADB's annual financial profile provides the facts and figures behind ADB's lending activities and describes ADB as a borrower. 
650 |a Grain trade,Banks and banking,Tăng trưởng thương mại,Ngân hàng và nghiệp vụ ngân hàng 
650 |x Finance,Statistics,Tài chính,Thống kê 
650 |z Asia,Châu Á 
904 |i Trọng Hiếu 
980 |a Trung tâm Học liệu Trường Đại học Cần Thơ